Vista normal Vista MARC

Entrada Materia (personas)

Número de registros utilizados en: 5

001 - CONTROL NUMBER

  • control field: 120584

003 - CONTROL NUMBER IDENTIFIER

  • control field: Co-BoUCM

005 - DATE AND TIME OF LATEST TRANSACTION

  • control field: 20211020091909.0

008 - FIXED-LENGTH DATA ELEMENTS

  • fixed length control field: 211020|| aca||aabn | a|a d

040 ## - CATALOGING SOURCE

  • Original cataloging agency: Co-BoUCM
  • Transcribing agency: Co-BoUCM

100 ## - HEADING--PERSONAL NAME

  • Personal name: Cleopatra VII
  • Titles and other words associated with a name: Reina de Egipto
  • Dates associated with a name: 69-30 a. C.
  • Form subdivision: Biografías

670 ## - SOURCE DATA FOUND

  • Source citation: Work cat.: (Co-BoUCM)25561: Wertheimer, Oscar Von 120583, Cleopatra, 1986